Brand spirits : how cause related marketing builds brands.
| Main Author: | |
|---|---|
| Other Authors: | |
| Format: | Book |
| Published: |
Chichester:
John Wiley & Sons,
1999.
|
| Subjects: |
| LEADER | 00485cam a2200169 7i4500 | ||
|---|---|---|---|
| 001 | 0000007941 | ||
| 005 | 20040303090000.0 | ||
| 020 | 0 | 0 | |a 047198776 X |
| 090 | 0 | 0 | |a B 658.8 |b PRI |
| 100 | 1 | 0 | |a Pringle |
| 245 | 1 | 0 | |a Brand spirits : |b how cause related marketing builds brands. |
| 260 | 0 | 0 | |a Chichester: |b John Wiley & Sons, |c 1999. |
| 300 | # | # | |a 281 p. |
| 650 | 0 | 0 | |a Social marketing |
| 650 | 0 | 0 | |a Branding |
| 700 | 1 | 1 | |a Thompson, |h Marjorie |
| 999 | |a B000011066 |b Book |c Book |e Business Information Centre | ||